000 00654nam a2200193Ia 4500
005 20240530104337.0
008 140319s1971 xx 000 0 ara d
040 _aGCL /
_cGCL
082 0 4 _a550 /
_bف ف
100 1 _aمحمد فؤاد ابراهيم
245 1 0 _aالمعرفة :
_bالمجلدات من 1 - 18 من 9 مجلدات /
_cمحمد فؤاد ابراهيم
260 _aسويسرا :
_bشركة ترادكسيم ،
_c1971
300 _aمتعدد ؛ ص
_c30 سم
650 0 4 _aتاريخ
650 0 4 _aالقرون الاوسطى
650 0 4 _aالجغرافيا
942 _2ddc
_cBK
999 _c46659
_d46659